[Event "Primorsko op"]
[Site "Primorsko"]
[Date "2016.09.22"]
[Round "6"]
[White "Balinov, Feri"]
[Black "Gochev, Mladen"]
[Result "1/2-1/2"]
[WhiteElo "2117"]
[BlackElo "2207"]
[PlyCount "45"]
[EventDate "2016.09.18"]
[EventType "swiss"]
[EventRounds "9"]
[EventCountry "BUL"]
[SourceTitle "CBM 174 Extra"]
[Source "ChessBase"]
[SourceDate "2016.10.10"]
[SourceVersion "1"]
[SourceVersionDate "2016.10.10"]
[SourceQuality "1"]

1. e4 c5 2. Nf3 Nc6 3. c3 e6 4. Bb5 Qb6 5. Ba4 Nf6 6. d3 d5 7. exd5 Nxd5 8. 0-0 Be7 9. Nbd2 Qc7 10. Ne4 h6 11. Re1 Bd7 12. g3 g5 13. d4 g4 14. Bxc6 Bxc6 15. Ne5 h5 16. Ng5 Bxg5 17. Bxg5 f6 18. Nxc6 Qxc6 19. Bh4 Kf7 20. Qd3 Rad8 21. Qc4 e5 22. Qxc5 Kg7 23. Rad1 1/2-1/2

[Event "BUL-ch op 32th"]
[Site "Plovdiv"]
[Date "2010.02.01"]
[Round "2"]
[White "Balinov, Feri"]
[Black "Drenchev, Petar"]
[Result "0-1"]
[WhiteElo "2130"]
[BlackElo "2477"]
[PlyCount "70"]
[EventDate "2010.01.31"]
[EventType "swiss"]
[EventRounds "9"]
[EventCountry "BUL"]
[SourceTitle "CBM 134 Extra"]
[Source "ChessBase"]
[SourceDate "2010.03.03"]
[SourceVersion "1"]
[SourceVersionDate "2010.03.03"]
[SourceQuality "1"]

1. c4 Nf6 2. d4 e6 3. Nf3 b6 4. Bg5 Bb7 5. Nbd2 h6 6. Bxf6 Qxf6 7. e3 g5 8. h3 Nc6 9. a3 Bg7 10. Qc2 Qe7 11. Bd3 0-0-0 12. Rc1 h5 13. Kf1 g4 14. Ne1 f5 15. b4 Kb8 16. c5 f4 17. cxb6 cxb6 18. b5 Na5 19. Qc7+ Ka8 20. Qxf4 e5 21. dxe5 Bxe5 22. Qa4 g3 23. Nef3 Rdf8 24. Rc2 Rhg8 25. Ne4 Rxf3 26. Qb4 Qe6 27. Nxg3 Rf7 28. Ne4 d5 29. Nc5 bxc5 30. Qxa5 Bc7 31. Qa4 c4 32. Be2 Qxe3 33. Bf3 Rxf3 34. gxf3 Qxf3 35. Rg1 Qd1# 0-1

[Event "Plovdiv Tringov Memorial"]
[Site "Plovdiv"]
[Date "2009.02.03"]
[Round "4"]
[White "Balinov, Feri"]
[Black "Mrdja, Milan"]
[Result "0-1"]
[WhiteElo "2147"]
[BlackElo "2386"]
[PlyCount "42"]
[EventDate "2009.02.01"]
[EventType "swiss"]
[EventRounds "9"]
[EventCountry "BUL"]
[SourceTitle "CBM 128 Extra"]
[Source "ChessBase"]
[SourceDate "2009.03.05"]
[SourceVersion "2"]
[SourceVersionDate "2009.03.25"]
[SourceQuality "1"]

1. Nf3 g6 2. e4 Bg7 3. d4 d6 4. Bc4 e6 5. Bg5 Ne7 6. Bb3 h6 7. Be3 b6 8. Nc3 Bb7 9. Qd2 Nd7 10. 0-0 a6 11. a4 Nf6 12. d5 e5 13. h3 g5 14. Nh2 Ng6 15. f3 Nf4 16. Ng4 Bc8 17. Ne2 Bxg4 18. hxg4 h5 19. Ng3 hxg4 20. Nf5 Kf8 21. Bxf4 exf4 0-1

[Event "Plovdiv Tringov Memorial"]
[Site "Plovdiv"]
[Date "2009.02.02"]
[Round "3"]
[White "Voiska, Margarita"]
[Black "Balinov, Feri"]
[Result "1/2-1/2"]
[WhiteElo "2339"]
[BlackElo "2147"]
[PlyCount "77"]
[EventDate "2009.02.01"]
[EventType "swiss"]
[EventRounds "9"]
[EventCountry "BUL"]
[SourceTitle "CBM 128 Extra"]
[Source "ChessBase"]
[SourceDate "2009.03.05"]
[SourceVersion "2"]
[SourceVersionDate "2009.03.25"]
[SourceQuality "1"]

1. Nf3 d5 2. c4 c6 3. Qc2 Nf6 4. g3 e6 5. Bg2 b5 6. d3 Bb7 7. 0-0 Nbd7 8. Nbd2 Be7 9. b3 0-0 10. Bb2 bxc4 11. dxc4 a5 12. a3 Qb6 13. Rab1 c5 14. e3 Rfd8 15. Rfc1 Rac8 16. cxd5 exd5 17. Nh4 g6 18. Bc3 Qa7 19. Qb2 Ne8 20. Ndf3 Ndf6 21. Bh3 Ra8 22. Rd1 Ne4 23. Be5 Bf6 24. Bxf6 N8xf6 25. Bg2 Ng4 26. Ne5 Ngxf2 27. Rf1 f6 28. Rxf2 Nxf2 29. Nexg6 hxg6 30. Qxf6 Qa6 31. Qxf2 Qd3 32. Rc1 Rf8 33. Qc2 Qxc2 34. Rxc2 Kg7 35. Nf3 c4 36. Nd4 Rae8 37. bxc4 Rxe3 38. Bxd5 Bxd5 39. cxd5 1/2-1/2

[Event "Plovdiv Tringov Memorial"]
[Site "Plovdiv"]
[Date "2006.02.08"]
[Round "2"]
[White "Balinov, Feri"]
[Black "Badev, Kiril"]
[Result "0-1"]
[WhiteElo "2164"]
[BlackElo "2319"]
[PlyCount "70"]
[EventDate "2006.02.07"]
[EventType "swiss"]
[EventRounds "9"]
[EventCountry "BUL"]
[SourceTitle "EXT 2007"]
[Source "ChessBase"]
[SourceDate "2006.11.23"]
[SourceVersion "1"]
[SourceVersionDate "2006.11.23"]
[SourceQuality "1"]

1. Nf3 c5 2. e3 g6 3. d4 Bg7 4. c3 cxd4 5. exd4 d5 6. Bf4 Nc6 7. Nbd2 Nh6 8. h3 0-0 9. g4 f6 10. Bg2 Nf7 11. 0-0 e5 12. dxe5 fxe5 13. Bg3 Be6 14. Nb3 Qb6 15. Qe2 Rae8 16. Nfd2 e4 17. Qe3 d4 18. cxd4 Bd5 19. Rac1 Bh6 20. Bf4 Bxf4 21. Qxf4 Nxd4 22. Qe3 Nf3+ 23. Bxf3 Qxe3 24. fxe3 exf3 25. e4 Bxb3 26. Nxb3 Ng5 27. Nd2 Nxh3+ 28. Kh2 Ng5 29. Rce1 Rd8 30. Nb3 Rf4 31. e5 Rxg4 32. Rf2 Rf8 33. Nc5 Rh4+ 34. Kg3 Rh3+ 35. Kg4 Rf5 0-1